Almanach-manuel du magicien des salons, contenant l'explication de tous les nouveaux tours de magie blanche / (Record no. 182894)
[ view plain ]
| 000 -LEADER | |
|---|---|
| campo de control de longitud fija | 00992nas a2200241 i 4500 |
| 001 - NÚMERO DE CONTROL | |
| campo de control | 182894 |
| 003 - IDENTIFICADOR DE NÚMERO DE CONTROL | |
| campo de control | ES-MaACL |
| 005 - FECHA Y HORA DE LA ÚLTIMA TRANSACCIÓN | |
| campo de control | 20251013211511.0 |
| 008 - DATOS DE LONGITUD FIJA--INFORMACIÓN GENERAL | |
| campo de control de longitud fija | 131204d18581883fr ar p 0 |fre d |
| 022 ## - NÚMERO INTERNACIONAL NORMALIZADO PARA PUBLICACIONES SERIADAS | |
| Número Internacional Normalizado para Publicaciones Seriadas | 2023-001X |
| 245 00 - MENCIÓN DEL TÍTULO | |
| Título | Almanach-manuel du magicien des salons, contenant l'explication de tous les nouveaux tours de magie blanche / |
| Mención de responsabilidad, etc. | par M. Delion... ; précédé d'une préface par Jules Rostaing. |
| 260 ## - PUBLICACIÓN, DISTRIBUCIÓN, ETC. | |
| Lugar de publicación, distribución, etc. | Paris : |
| Nombre del editor, distribuidor, etc. | Delarue, |
| Fecha de publicación, distribución, etc. | [1858-1883?] |
| 300 ## - DESCRIPCIÓN FÍSICA | |
| Extensión | 2 v. : |
| Otras características físicas | il. ; |
| Dimensiones | 14 cm. |
| 650 #4 - PUNTO DE ACCESO ADICIONAL DE MATERIA--TÉRMINO DE MATERIA | |
| Término de materia o nombre geográfico como elemento de entrada | Ilusionismo. |
| 9 (RLIN) | 143701 |
| 650 #4 - PUNTO DE ACCESO ADICIONAL DE MATERIA--TÉRMINO DE MATERIA | |
| Término de materia o nombre geográfico como elemento de entrada | Física recreativa. |
| 9 (RLIN) | 153925 |
| 700 1# - ENTRADA AGREGADA--NOMBRE PERSONAL | |
| Nombre de persona | Delion, Jean-Baptiste, |
| Fechas asociadas al nombre | 1811-1866 |
| 9 (RLIN) | 153924 |
| 700 1# - ENTRADA AGREGADA--NOMBRE PERSONAL | |
| Nombre de persona | Rostaing, Jules. |
| 9 (RLIN) | 99919 |
| 852 ## - LOCALIZACIÓN | |
| Ubicación | ES-MaACL |
| Número de control de estantería | T-646-F-3 |
| Nota libre | - Anot. manuscrita: "Al Robert Houdin español Gustavo de..., un de ses admirateur tres devoués M. del..." |
| -- | (1876) |
| 852 1# - LOCALIZACIÓN | |
| Ubicación | BA |
| Número de control de estantería | 1608-F-2 |
| Nota libre | - Legado M. de la Fuente |
| -- | (1866) |
| 866 #0 - MENCIÓN TEXTUAL DE FONDOS--UNIDAD BIBLIOGRÁFICA BÁSICA | |
| Fondos | 1866, 1876. |
| 942 ## - ELEMENTOS DE ENTRADA SECUNDARIOS (KOHA) | |
| Fuente del sistema de clasificación o colocación | Clasificación decimal universal |
| Tipo de ítem Koha | Revista |
| Estatus retirado | Estado de pérdida | Fuente del sistema de clasificación o colocación | Estado de daño | No para préstamo | Colección | Biblioteca de origen | Biblioteca actual | Ubicación en estantería | Fecha de adquisición | Total de préstamos | Signatura topográfica completa | Código de barras | Visto por última vez | Precio de reemplazo | Tipo de ítem Koha |
|---|---|---|---|---|---|---|---|---|---|---|---|---|---|---|---|
| Clasificación decimal universal | Periódicos y Revistas | Biblioteca del Ateneo de Madrid | Biblioteca del Ateneo de Madrid | Depósito folletos | 04/12/2013 | T-646-F-3 | 1192220 | 23/02/2023 | 23/02/2023 | Revista | |||||
| Clasificación decimal universal | Periódicos y Revistas | Biblioteca del Ateneo de Madrid | Biblioteca del Ateneo de Madrid | Depósito folletos | 04/12/2013 | 1608-F-2 | 1192221 | 23/02/2023 | 23/02/2023 | Revista |
